LEADER 01079nam a2200241 i 4500 001 000000069603 003 CaOOAMICUS 005 20080429000000.0 008 080429s1956 it u000 u ita u 013 $a40775 040 $aSeMil$bita 100 1 $aConte, Pietro <1977- >.$0(OLS)http://semarc/name/90394 245 12$aL'errore logico del Machiavelli e i fondamenti metafisici della politica /$cdi Pietro Conte. 250 $a2. ed. 260 $aRoma :$bPaoline,$c1956. 300 $a218 p. ;$c19 cm. 490 0 $aPhilosophica. Saggi : raccolta di testi e saggi ;$v4 650 4$aMachiavelli, Niccolò <1469-1527> - Pensiero politico - Critica e interpretazioni.$0(OLS)http://semarc/subject/13803 830 0$aPhilosophica. Saggi ;$v4.$0(OLS)http://semarc/title/18366 850 $aSeMil 852 $aSeMil$W1$xVenegono$y1$m2P I 203 =$j35756$B35756$CSeMilBibl$Z2$F35759 $81 996 $6245$aL'errore logico del Machiavelli e i fondamenti metafisici della politica$9(OLS)http://semarc/title/111472 996 $6260$aRoma :$bPaoline$9(OLS)http://semarc/publisher/29686 LEADER 01041nam a2200253 4500 001 000000332719 003 CaOOAMICUS 005 20190614113006.0 008 190307s2018 it 000 u mul r 020 $a978-88-311-0652-8 040 $aSeMil$bita 041 1 $aita$alat 245 00$aVol. 3, Seconda parte della Parte seconda. 264 1$aRoma :$bCittà Nuova,$c2018. 300 $a1964 p. ;$c22 cm 500 $aTesto originale latino a fronte 700 0 $aTommaso : d'Aquino,$c.$0(OLS)http://semarc/name/423 773 0 $aTommaso : d'Aquino $tSomma di teologia.$dRoma : Città Nuova, 2018-2019.$w()332621 850 $aSeMil 852 $aSeMil$W1$xVenegono$y1$mSL1.V I 33$j211948$B225429$CSeMilBibl$Z2$F225429 $8I 996 $6020$a978-88-311-0652-8$9(OLS)http://semarc/number/286700 996 $6245$aVol. 3, Seconda parte della Parte seconda$9(OLS)http://semarc/title/421752 996 $6264$aRoma :$bCittà Nuova$9(OLS)http://semarc/publisher/29609